|
|
|
|
| LEADER |
00000nas a2200000 i 4500 |
| 001 |
ssj0001078068 |
| 003 |
WaSeSS |
| 005 |
20200512172242.0 |
| 006 |
m d |
| 007 |
cr n |
| 008 |
140108c20uu9999mdud| n|s|||||| |0eng d |
| 035 |
|
|
|a (WaSeSS)ssj0001078068
|
| 040 |
|
|
|a WaSeSS
|b eng
|c WaSeSS
|d WaSeSS
|
| 050 |
1 |
4 |
|a E744.5
|
| 245 |
0 |
0 |
|a Voice of America news - FIND
|h [electronic resource].
|
| 246 |
1 |
|
|a Voice of America news - Federal Information & News Dispatch
|
| 260 |
|
|
|a Greenbelt, Maryland :
|b Federal Information & News Dispatch
|
| 310 |
|
|
|a Daily
|
| 506 |
|
|
|a License restrictions may limit access.
|
| 588 |
|
|
|a Description based on: September 23, 2005; title from title screen (ProQuest, viewed Jan. 8, 2014).
|
| 588 |
|
|
|a Latest issue consulted: January 7, 2014 (viewed Jan. 8, 2014).
|
| 610 |
2 |
0 |
|a Voice of America (Organization)
|v Newspapers.
|
| 655 |
|
0 |
|a Electronic journals.
|
| 856 |
4 |
0 |
|z Full text available from Research Library: 09/23/2005 to present
|u https://search.proquest.com/publication/28414
|